| 000 | 00834nam a2200229 a 4500 | ||
|---|---|---|---|
| 003 | 0 | ||
| 005 | 20250203160121.0 | ||
| 008 | 130830s19uu xx 00 eng d | ||
| 050 |
_aPGS LB 1043.5 _b.H772 2013 |
||
| 100 | _aHong, Seok Beom. | ||
| 245 |
_aUsage of computer and study habits / _cSeok Beom Hong. |
||
| 260 |
_aLas PiƱas City, Philippines : _bSouthville International School and Colleges, _c2013. |
||
| 300 |
_a32 p. : _bill. ; _c28 cm. |
||
| 504 | _aIncludes bibliographical references. | ||
| 650 | _aComputers and education. | ||
| 650 | _aEducational technology. | ||
| 650 |
_aStudy habits _vEffect of technology on. |
||
| 650 |
_aStudy skills _vElementary students. |
||
| 650 |
_aAcademic achievement _vInfluence of technology. |
||
| 650 |
_aEducation _vEffect of technological innovations on. |
||
| 942 |
_2lcc _cPASS |
||
| 999 |
_c99055 _d99055 |
||